<?xml version="1.0" encoding="UTF-8"?>
<record
    xmlns:xsi="http://www.w3.org/2001/XMLSchema-instance"
    xsi:schemaLocation="http://www.loc.gov/MARC21/slim http://www.loc.gov/standards/marcxml/schema/MARC21slim.xsd"
    xmlns="http://www.loc.gov/MARC21/slim">

  <leader>01195nam a2200265 i 4500</leader>
  <controlfield tag="001">166176</controlfield>
  <controlfield tag="003">ES-MaACL</controlfield>
  <controlfield tag="005">20251002162150.0</controlfield>
  <controlfield tag="008">931025s1786    sp           |||| | spa d</controlfield>
  <datafield tag="040" ind1=" " ind2=" ">
    <subfield code="a">CYL </subfield>
    <subfield code="b">spa </subfield>
    <subfield code="c">PAB</subfield>
  </datafield>
  <datafield tag="100" ind1="1" ind2=" ">
    <subfield code="a">Terreros y Pando, Esteban de,</subfield>
    <subfield code="d">1707-1782</subfield>
    <subfield code="9">109787</subfield>
  </datafield>
  <datafield tag="245" ind1="1" ind2="0">
    <subfield code="a">Diccionario castellano </subfield>
    <subfield code="b">: con las voces de ciencias y artes y sus correspondientes en las tres lenguas francesa, latina e italiana / </subfield>
    <subfield code="c">su autor el P. Esteban de Terreros y Pando ; tomo primero.</subfield>
  </datafield>
  <datafield tag="260" ind1=" " ind2=" ">
    <subfield code="a">Madrid : </subfield>
    <subfield code="b">en la imprenta de la viuda de Ibarra, hijos y compa&#xF1;ia,</subfield>
    <subfield code="c">1786.</subfield>
  </datafield>
  <datafield tag="300" ind1=" " ind2=" ">
    <subfield code="a">[6], XXXIV, 710 p. ; </subfield>
    <subfield code="c">Fol.</subfield>
  </datafield>
  <datafield tag="596" ind1=" " ind2="1">
    <subfield code="a">Marca tip. en port.</subfield>
  </datafield>
  <datafield tag="597" ind1=" " ind2="1">
    <subfield code="a">Sign.: [ ]\p1\s, *\p2\s, a-d\p4\s, e\p1\s, A-Z\p4\s, 2A-2Z\p4\s, 3A-3Z\p4\s, 4A-4T\p4\s, 4V\p2\s, 4X\p1\s.</subfield>
  </datafield>
  <datafield tag="597" ind1=" " ind2=" ">
    <subfield code="a">Texto a dos col.</subfield>
  </datafield>
  <datafield tag="630" ind1="0" ind2="4">
    <subfield code="a">Diccionarios y Enciclopedias.</subfield>
    <subfield code="9">222524</subfield>
  </datafield>
  <datafield tag="700" ind1="1" ind2="1">
    <subfield code="a">Terreros y Pando, Esteban de,</subfield>
    <subfield code="d">1707-1782</subfield>
    <subfield code="9">109787</subfield>
  </datafield>
  <datafield tag="700" ind1=" " ind2="1">
    <subfield code="a"> </subfield>
    <subfield code="e">imp.</subfield>
    <subfield code="9">242302</subfield>
  </datafield>
  <datafield tag="752" ind1=" " ind2=" ">
    <subfield code="a">Espa&#xF1;a - </subfield>
    <subfield code="d">, Madrid</subfield>
  </datafield>
  <datafield tag="852" ind1=" " ind2=" ">
    <subfield code="a">ES-MaACL</subfield>
    <subfield code="j">R-89-92  </subfield>
    <subfield code="z">-- Enc. pasta espa&#xF1;ola con hierros dorados, no original de la &#xE9;poca Olim: B-287-90</subfield>
  </datafield>
  <datafield tag="999" ind1=" " ind2=" ">
    <subfield code="c">166176</subfield>
    <subfield code="d">166176</subfield>
  </datafield>
  <datafield tag="952" ind1=" " ind2=" ">
    <subfield code="0">0</subfield>
    <subfield code="1">0</subfield>
    <subfield code="4">0</subfield>
    <subfield code="7">0</subfield>
    <subfield code="8">Colecci&#xF3;n_de_referencia </subfield>
    <subfield code="a">ATENEOM</subfield>
    <subfield code="b">ATENEOM</subfield>
    <subfield code="c">DEPO</subfield>
    <subfield code="d">2008-01-17</subfield>
    <subfield code="e">SSC</subfield>
    <subfield code="l">0</subfield>
    <subfield code="o">R-89</subfield>
    <subfield code="p">1174275</subfield>
    <subfield code="r">2023-02-23 00:00:00</subfield>
    <subfield code="w">2023-02-23</subfield>
    <subfield code="y">MONANT</subfield>
  </datafield>
</record>
